000 00521nam a2200181Ia 4500
999 _c29357
_d29357
003 OSt
005 20210108144006.0
008 190216s9999||||xx |||||||||||||| ||und||
020 _a9798188582067
040 _coclc
082 _a894.812301
_bBAL/V
100 _aBalakrishnan, Usha
_98270
245 0 _aVishappinte Kathakal /
_cUsha Balakrishnan
260 _bGreen Books,
_aThrissur:
_c2002.
300 _a149p
650 _aKathakal
942 _cBK
_2ddc
_h894.812301
_iBAL/V
_k894.812301
_mBAL/V